Bundesliga 24/25 Top Scorers - Statistics

General Stats
  • This quiz has been taken 50 times
  • The average score is 37 of 55
Answer Stats
age pos pts Answer % Correct
Bayern Monachium Flag of England (31) CF 26 10 36 Harry Kane
100%
Bayern Monachium Flag of France (23) RW 12 18 30 Michael Olise
95%
Bayer 04 Leverkusen Flag of the Czech Republic (29) CF 21 1 22 Patrik Schick
95%
Bayer 04 Leverkusen Flag of Germany (22) OM 10 13 23 Florian Wirtz
93%
Bayern Monachium Flag of Germany (22) OM 12 4 16 Jamal Musiala
93%
Bayern Monachium Flag of Germany (29) RW 11 6 17 Leroy Sané
93%
Bayern Monachium Flag of Germany (29) LW 7 5 12 Serge Gnabry
93%
Borussia Dortmund Flag of Guinea.svg (29) CF 21 4 25 Serhou Guirassy
93%
TSG 1899 Hoffenheim (33) OM 11 8 19 Andrej Kramarić
90%
Eintracht Frankfurt Flag of Egypt (25) CF 15 10 25 Omar Marmoush
90%
Borussia Mönchengladbach Flag of France (32) CF 11 6 17 Alassane Pléa
88%
RB Leipzig Flag of Slovenia (21) CF 13 5 18 Benjamin Šeško
88%
Eintracht Frankfurt Flag of France (22) CF 15 8 23 Hugo Ekitiké
88%
Borussia Mönchengladbach Flag of Germany (29) CF 16 9 25 Tim Kleindienst
88%
Bayer 04 Leverkusen Flag of Nigeria (24) CF 8 2 10 Victor Boniface
88%
RB Leipzig Flag of the Netherlands (22) OM 10 7 17 Xavi Simons
88%
RB Leipzig Flag of Belgium (25) CF 9 9 18 Loïs Openda
85%
SC Freiburg Flag of Italy (32) LW 8 11 19 Vincenzo Grifo
85%
VfB Stuttgart Flag of Germany (28) CF 9 3 12 Deniz Undav
83%
Bayern Monachium Flag of Germany (30) DM 3 7 10 Joshua Kimmich
83%
Borussia Dortmund Flag of Germany (29) OM 5 10 15 Julian Brandt
83%
Borussia Dortmund Flag of England (20) LW 8 4 12 Jamie Gittens
80%
Bayer 04 Leverkusen Flag of Spain (29) LB 2 8 10 Alejandro Grimaldo
78%
VfB Stuttgart Flag of Bosnia and Herzegovina (27) CF 15 2 17 Ermedin Demirović
78%
Bayer 04 Leverkusen Flag of the Netherlands (24) RB 5 6 11 Jeremie Frimpong
78%
VfB Stuttgart Flag of France (22) OM 6 5 11 Enzo Millot
73%
VfL Wolfsburg Flag of Denmark (26) CF 9 3 12 Jonas Wind
73%
Borussia Dortmund Flag of Germany (23) RW 7 6 13 Karim Adeyemi
73%
SC Freiburg Flag of Japan (26) RW 10 8 18 Ritsu Dōan
73%
1.FSV Mainz 05 Flag of Germany (24) CF 18 3 21 Jonathan Burkardt
70%
Borussia Dortmund Flag of Germany (22) CF 8 6 14 Maximilian Beier
70%
SV Werder Bremen Flag of Germany (31) CF 8 9 17 Marvin Ducksch
65%
VfL Wolfsburg Flag of Algeria (25) CF 10 12 22 Mohamed Amoura
65%
1.FSV Mainz 05 Flag of South Korea (32) OM 7 8 15 Jae-sung Lee
63%
1.FSV Mainz 05 Flag of Germany (28) CM 7 5 12 Nadiem Amiri
63%
VfB Stuttgart Flag of Germany (23) CF 12 2 14 Nick Woltemade
63%
Borussia Dortmund Flag of Germany (33) CM 0 10 10 Pascal Groß
60%
TSG 1899 Hoffenheim Flag of the Czech Republic (22) CF 8 3 11 Adam Hložek
58%
Eintracht Frankfurt Flag of Germany (23) RW 4 6 10 Ansgar Knauff
55%
SV Werder Bremen Flag of Germany (31) RB 5 9 14 Mitchell Weiser
55%
Borussia Mönchengladbach Flag of France (28) RW 4 9 13 Franck Honorat
53%
FC Augsburg Flag of France (26) OM 9 3 12 Alexis Claude-Maurice
50%
SV Werder Bremen Flag of Denmark (28) CM 10 5 15 Jens Stage
50%
Eintracht Frankfurt Flag of Germany (21) LB 3 7 10 Nathaniel Brown
50%
1.FSV Mainz 05 Flag of Germany (22) OM 10 6 16 Paul Nebel
50%
1.FC Union Berlin Flag of Germany (24) CF 9 3 12 Benedict Hollerbach
45%
SV Werder Bremen Flag of Austria (25) OM 5 5 10 Romano Schmid
43%
Holstein Kiel Flag of Japan (25) CF 11 3 14 Shūto Machino
43%
Borussia Mönchengladbach Flag of Germany (26) LW 4 8 12 Robin Hack
40%
SC Freiburg Flag of Germany (30) CF 6 4 10 Lucas Höler
38%
TSG 1899 Hoffenheim Flag of Germany (32) LW 7 4 11 Marius Bülter
30%
FC Augsburg Flag of the Democratic Republic of the Congo (27) CF 7 3 10 Samuel Essende
25%
Holstein Kiel Flag of Sweden (26) RW 7 3 10 Alexander Bernhardsson
23%
VfL Bochum Flag of the Netherlands (24) CF 9 1 10 Myron Boadu
23%
1.FC Heidenheim 1846 Flag of Germany (25) CM 7 5 12 Marvin Pieringer
18%
No matching quizzes found
Score Distribution
Percent of People with Each Score
Percentile by Number Answered
Your Score History
You have not taken this quiz